| 000 | 00478nam a2200181Ia 4500 | ||
|---|---|---|---|
| 008 | 190425s9999 xx 000 0 und d | ||
| 100 | _aFernandez, Rudy | ||
| 245 | _aCalamansi trading center to rise in Oriental Mindoro/ | ||
| 245 | _cRudy Fernandez | ||
| 260 | _bThe Philippine Star | ||
| 260 | _c2018 | ||
| 300 | _aMarch 25 | ||
| 440 | _aThe Philippine Star | ||
| 650 | _acalamansi | ||
| 650 | _afarming | ||
| 650 | _aOriental Mindoro | ||
| 650 | _atrading companies | ||
| 999 |
_c361627 _d361627 |
||